000 01107cam a2200157 4500500
005 20260208001128.0
041 _afre
042 _adc
100 1 0 _aLantz, Pierre
_eauthor
245 0 0 _aEnzo Traverso, La pensée dispersée. Figures de l’exil judéo-allemand, Éditions Léo Scheer, coll. « Lignes Manifestes », Paris, 2004
260 _c2003.
500 _a21
520 _aStudy of an educational institution taking action in order to give psychological assistance to students after the suicide of a classmate revealed how the image of a victim was propagated, transforming a personal tragedy into a collective drama following an epidemic model. The officials of this institution, despite their divergent points of view and the fact that some supported this model unreservedly and others called it into question, acted together to reproduce this epidemic schema of psychic trauma.
786 0 _nL'Homme & la Société | 150-151 | 4 | 2003-11-01 | p. 253j-274j | 0018-4306
856 4 1 _uhttps://shs.cairn.info/revue-l-homme-et-la-societe-2003-4-page-253j?lang=fr&redirect-ssocas=7080
999 _c1644427
_d1644427